Working hours and job sharing in the EU and USA : (Record no. 4962)
[ view plain ]
| 000 -LEADER | |
|---|---|
| fixed length control field | 02280cam a2200385 a 4500 |
| 001 - CONTROL NUMBER | |
| control field | BD-DhSAU 4962 |
| 003 - CONTROL NUMBER IDENTIFIER | |
| control field | BD-DhSAU |
| 005 - DATE AND TIME OF LATEST TRANSACTION | |
| control field | 20150308104303.0 |
| 008 - FIXED-LENGTH DATA ELEMENTS--GENERAL INFORMATION | |
| fixed length control field | 150308s2008 enka ob 001 0 eng d |
| 020 ## - INTERNATIONAL STANDARD BOOK NUMBER | |
| International Standard Book Number | 9780199231027 (hbk.) |
| 020 ## - INTERNATIONAL STANDARD BOOK NUMBER | |
| International Standard Book Number | 0199231028 (hbk.) |
| 040 ## - CATALOGING SOURCE | |
| Original cataloging agency | BD-DhSAU |
| 082 ## - DEWEY DECIMAL CLASSIFICATION NUMBER | |
| Classification number | - |
| Item number | - |
| Edition number | 22 |
| 245 00 - TITLE STATEMENT | |
| Title | Working hours and job sharing in the EU and USA : |
| Remainder of title | are Europeans lazy? or Americans crazy? / |
| Statement of responsibility, etc. | edited by Tito Boeri, Michael C. Burda, and Francis Kramarz ; with Pierre Cahuc ... [et al.]. |
| 260 ## - PUBLICATION, DISTRIBUTION, ETC. (IMPRINT) | |
| Place of publication, distribution, etc. | Oxford ; |
| -- | New York : |
| Name of publisher, distributor, etc. | Oxford University Press, |
| Date of publication, distribution, etc. | 2008. |
| 490 0# - SERIES STATEMENT | |
| Series statement | Reports for the Fondazione Rodolfo DeBenedetti |
| 500 ## - GENERAL NOTE | |
| General note | "The two studies that make up this volume were originally prepared for the fifth European conference of the Fondazione Rodolfo DeBenedetti, which was held in Portovenere in May 2006"--Acknowledgements. |
| 500 ## - GENERAL NOTE | |
| General note | Oxford scholarship online Economics and Finance<br/> |
| 504 ## - BIBLIOGRAPHY, ETC. NOTE | |
| Bibliography, etc | Includes bibliographical references and index. |
| 505 0# - FORMATTED CONTENTS NOTE | |
| Formatted contents note | The distribution of total work in the EU and USA / Michael C. Burda, Daniel S. Hamermesh, and Philippe Weil -- Comments / Alberto Alesina, Christopher Pissarides -- Labor market effects of work-sharing arrangements in Europe / Francis Kramarz, Pierre Cahuc, Bruno Crépon, Oskar Nordström Skans, Thorsten Schank, Gijsbert van Lomwel, and André Zylberberg -- Comments / Giuseppe Nicoletti, Jan van Ours -- Final remarks / Olivier Blanchard, Stephen Nickell, Guido Tabellini. |
| 590 ## - Name of Cataloguer | |
| Name of Cataloger | roy |
| 650 #0 - SUBJECT ADDED ENTRY--TOPICAL TERM | |
| Topical term or geographic name as entry element | Hours of labor |
| Geographic subdivision | European Union countries. |
| 650 #0 - SUBJECT ADDED ENTRY--TOPICAL TERM | |
| Topical term or geographic name as entry element | Hours of labor |
| Geographic subdivision | United States. |
| 650 #0 - SUBJECT ADDED ENTRY--TOPICAL TERM | |
| Topical term or geographic name as entry element | Labor productivity |
| Geographic subdivision | European Union countries. |
| 650 #0 - SUBJECT ADDED ENTRY--TOPICAL TERM | |
| Topical term or geographic name as entry element | Labor productivity |
| Geographic subdivision | United States. |
| 650 #0 - SUBJECT ADDED ENTRY--TOPICAL TERM | |
| Topical term or geographic name as entry element | Job sharing |
| Geographic subdivision | European Union countries. |
| 650 #0 - SUBJECT ADDED ENTRY--TOPICAL TERM | |
| Topical term or geographic name as entry element | Job sharing |
| Geographic subdivision | United States. |
| 700 1# - ADDED ENTRY--PERSONAL NAME | |
| Personal name | Boeri, Tito. |
| 700 1# - ADDED ENTRY--PERSONAL NAME | |
| Personal name | Burda, Michael C. |
| 700 1# - ADDED ENTRY--PERSONAL NAME | |
| Personal name | Kramarz, Francis. |
| 700 1# - ADDED ENTRY--PERSONAL NAME | |
| Personal name | Cahuc, Pierre. |
| 710 2# - ADDED ENTRY--CORPORATE NAME | |
| Corporate name or jurisdiction name as entry element | Fondazione Rodolfo Debenedetti. |
| 856 ## - ELECTRONIC LOCATION AND ACCESS | |
| Uniform Resource Identifier | <a href="http://www.oxfordscholarship.com/view/10.1093/acprof:oso/9780199231027.001.0001/acprof-9780199231027?rskey=J5QoOa&result=145">http://www.oxfordscholarship.com/view/10.1093/acprof:oso/9780199231027.001.0001/acprof-9780199231027?rskey=J5QoOa&result=145</a> |
| Link text | Full text through SAU LAN |
| 856 ## - ELECTRONIC LOCATION AND ACCESS | |
| Uniform Resource Identifier | <a href=" http://doi.org/10.1093/acprof:oso/9780199231027.001.0001 "> http://doi.org/10.1093/acprof:oso/9780199231027.001.0001 </a> |
| 942 ## - ADDED ENTRY ELEMENTS (KOHA) | |
| Source of classification or shelving scheme | Dewey Decimal Classification |
| Koha item type | Online book |
No items available.
